| 000 | 00605nam a22002057a 4500 | ||
|---|---|---|---|
| 003 | OSt | ||
| 005 | 20260617154002.0 | ||
| 008 | 260617b |||||||| |||| 00| 0 eng d | ||
| 020 | _a9780470499788 | ||
| 040 | _cChuka University Library | ||
| 050 | _aTA 350 .M47 2010 | ||
| 100 |
_aMeriam J.L _913810 |
||
| 245 | _aEngineering Mechanics Volume 2:Dynamics | ||
| 250 | _a6th Ed | ||
| 260 |
_aUnited States _bJohn Wiley & Sons, Inc _c2010 |
||
| 300 |
_axxi, 720 pp _bIllustrations prefac and index |
||
| 650 |
_aMechanics, Applied--Textbooks _929865 |
||
| 700 |
_aKraige L.G. _929866 |
||
| 942 |
_2lcc _cBK _n0 |
||
| 999 |
_c24622 _d24622 |
||